Proper English? : (رقم التسجيلة. 34916)
[ عرض عادي ]
| 000 -الفاتح | |
|---|---|
| حقل البيانات ثابتة الطول | 00959nam a22002537a 4500 |
| 003 - محدد رقم الضبط | |
| رقم الضبط | OSt |
| 005 - وقت وتاريخ اخر تعامل مع التسجيلة | |
| رقم الضبط | 20150408114216.0 |
| 008 - عناصر البيانات ثابتة الطول - معلومات عامة | |
| حقل البيانات ثابتة الطول | 140512s2014 enk g b 001 0 eng d |
| 020 ## - الرقم الدولى المعيارى للكتب | |
| الرقم الدولى المعيارى للكتاب | 9780415867580 |
| 040 ## - مصدر الفهرسة | |
| وكالة الفهرسة الأصلية | Ma-Un |
| 082 00 - رقم تصنيف ديوى العشرى | |
| رقم الطبعة | 22 |
| رقم التصنيف | 420.941 |
| رقم المادة | CTP |
| 100 1# - المدخل الرئيسى - إسم شخصى | |
| الإسم الشخصى | Crowley, Tony |
| 9 (RLIN) | 44745 |
| 245 10 - بيان العنوان | |
| العنوان | Proper English? : |
| بقية العنوان | readings in language, history, and cultural identity / |
| بيان المسئوليه,etc | Tony Crowley. |
| 260 ## - PUBLICATION, DISTRIBUTION, ETC. (IMPRINT) | |
| مكان الناشر او الموزع | London ; |
| -- | New York : |
| اسم الناشر او الموزع | Routledge, |
| تاريخ النشر أو التوزيع | 2014 |
| -- | [1435]. |
| 300 ## - الوصف المادى | |
| التعداد | x, 268 p. ; |
| أبعاد الوعاء | 22 cm. |
| 490 ## - بيان السلسلة | |
| عنوان السلسلة | Politics of language |
| 504 ## - تبصرة ببليوجرافية | |
| تبصرة ببليوجرافية,الخ | Includes bibliographical references and index. |
| 650 ## - المدخل الاضافى بالموضوع-مصطلح موضوعى | |
| مصطلح موضوعي أو اسم جغرافي كعنصر مدخل | English language |
| التقسيم الفرعي الجغرافي | Great Britain |
| التقسيم الفرعي العام | Standardization |
| -- | Sources |
| 9 (RLIN) | 44746 |
| 650 ## - المدخل الاضافى بالموضوع-مصطلح موضوعى | |
| مصطلح موضوعي أو اسم جغرافي كعنصر مدخل | English language |
| التقسيم الفرعي العام | Social aspects |
| التقسيم الفرعي الجغرافي | Great Britain |
| التقسيم الفرعي العام | Sources |
| 9 (RLIN) | 44747 |
| 650 ## - المدخل الاضافى بالموضوع-مصطلح موضوعى | |
| مصطلح موضوعي أو اسم جغرافي كعنصر مدخل | Speech and social status |
| التقسيم الفرعي الجغرافي | Great Britain |
| التقسيم الفرعي العام | Sources |
| 9 (RLIN) | 44748 |
| 650 ## - المدخل الاضافى بالموضوع-مصطلح موضوعى | |
| مصطلح موضوعي أو اسم جغرافي كعنصر مدخل | Language and culture |
| التقسيم الفرعي الجغرافي | Great Britain |
| التقسيم الفرعي العام | Sources |
| 9 (RLIN) | 44749 |
| 650 ## - المدخل الاضافى بالموضوع-مصطلح موضوعى | |
| مصطلح موضوعي أو اسم جغرافي كعنصر مدخل | Standard language |
| التقسيم الفرعي العام | Sources |
| 9 (RLIN) | 44750 |
| 942 ## - | |
| -- | ddc |
| -- | BOOK |
| 999 ## - | |
| -- | 34916 |
| -- | 269416 |
| حالة الفقد | نموذج السعر الفعال | حالة تلف | ليس للاعارة | رقم الطلب | رقم النسخة | تاريخ الاكتساب | مصدر التزويد | Serial Enumeration / chronology | الباركود | الفرع الرئيسي | Date last seen | نوع المادة فى نظام كوها | مصدر التصنيف او خطة الترفيف | Total Checkouts |
|---|---|---|---|---|---|---|---|---|---|---|---|---|---|---|
| 2014-05-12 | Not For Loan | 420.941 CTP | 1 | 2014-05-12 | دار العرب | SRF | 00210474 | مكتبة كلية العلوم و الدراسات الإنسانية برماح - طالبات (SRF) | 2014-05-12 | كتاب | Dewey Decimal Classification | |||
| 2014-05-12 | 420.941 CTP | 2 | 2014-05-12 | دار العرب | SRF | 00210475 | مكتبة كلية العلوم و الدراسات الإنسانية برماح - طالبات (SRF) | 2014-05-12 | كتاب | Dewey Decimal Classification | ||||
| 2014-05-12 | Not For Loan | 420.941 CTP | 1 | 2014-05-12 | دار العرب | SRM | 00210476 | مكتبة كلية العلوم و الدراسات الإنسانية برماح - طلاب (SRM) | 2014-05-12 | كتاب | Dewey Decimal Classification | |||
| 2014-05-12 | 420.941 CTP | 2 | 2014-05-12 | دار العرب | SRM | 00210477 | مكتبة كلية العلوم و الدراسات الإنسانية برماح - طلاب (SRM) | 2014-05-12 | كتاب | Dewey Decimal Classification |
